000
00306nam a22001217a 4500
008
160504b xxu||||| |||| 00| 0 eng d
020
_a
9780077354817
020
_a
9780073040547
041
_a
eng
080
_a
612.39
245
_a
Contemporary nutrition:
_c
Gordon M. Wardlaw;Anne M.Smith;
942
_2
udc
_c
BK
999
_c
1772
_d
1772